000 00463nam a2200181Ia 4500
001 19953
005 20260306172730.0
008 260306t2009||||xx |||||||||||||| ||spa||
041 _aESP
082 _a341.72
_bO73
100 _aOrtega Chacón, Domingo Percy
_eAUT
245 0 _aMetodología y técnicas de la investigación jurìdica
260 _c2009
300 _a389 páginas :
_c24 cm.
650 _aGEN
654 _aCDE
942 _cLIB
_dJUS
_fJUS
_2ddc
_n
999 _c19953
_d19953